LEADER 01207nam a2200217 4500 001 000000358279 003 CaOOAMICUS 005 20240604124701.0 008 240508s1969 fr 000 u fre r 040 $aSeMil$bita 110 0 $aAcadémie internationale des sciences religieuses.$0(OLS)http://semarc/name/24978 245 12$aL'ésprit saint et l'église :$bcatholiques, orthodoxes et protestants de divers pays confrontemt leur science, leur foi et leur tradition : l'avenir de l'Église et de l'oecuménisme /$cAcadémie Internationale des Sciences Religieuses. 264 1$a[Paris] :$bFayard,$c1969. 300 $a350 p. ;$c20 cm 650 4$aSpirito Santo ed ecumensimo.$0(OLS)http://semarc/subject/43751 850 $aSeMil 852 $aSeMil$W1$xVenegono$y1$m2M II 4$j248556$B249396$CSeMilBibl$Z2$F249396 $81 961 $aCitrini don Tullio - Omaggio 996 $6245$aL'ésprit saint et l'église :$bcatholiques, orthodoxes et protestants de divers pays confrontemt leur science, leur foi et leur tradition : l'avenir de l'Église et de l'oecuménisme$9(OLS)http://semarc/title/448600 996 $6264$a[Paris] :$bFayard$9(OLS)http://semarc/publisher/30873 LEADER 02113nas a2200289 i 4500 001 000000221643 003 CaOOAMICUS 005 20140320000000.0 008 130731b2013 it uu u0 0ita r 013 $a200540 020 $a978-88-465-0869-0 040 $aSeMil$bita 245 10$a«Ecclesia Mater et Magistra», tra "lex orandi" ed "Ecclesiae ordo" :$bAtti del 5. Seminario di Studio per Responsabili e Docenti degli Istituti collegati alla Facoltà di S. Teologia della Pontificia Università Lateranense, Roma, 11-14 settembre 2012 /$ca cura di Roberto Nardin. 260 $aCittà del Vaticano :$bLateran University Press,$ccopyr. 2013. 300 $a371 p. ;$c24 cm. 500 $aSul verso del front. : Pubblicato con il contributo del Servizio Nazionale per gli Studi Superiori di Teologia e di Scienze Religiose della Conferenza Episcopale Italiana. 700 1 $aPontificia Università Lateranense : Seminario di Studio «Insegnare teologia oggi. Ecclesia Mater et Magistra : tra "lex orandi" ed "Ecclesiae ordo"» <5. ; 2012>.$0(OLS)http://semarc/name/77531 700 1 $aNardin, Roberto,$d<1962- >.$0(OLS)http://semarc/name/17517 710 0 $aConferenza Episcopale Italiana : Servizio Nazionale per gli Studi Superiori di Teologia e di Scienze Religiose.$0(OLS)http://semarc/name/69975 773 0 $tLateranum.$dRomae : Facultas Theologica Pontificii Athenaei Seminarii Romani, 1935.$w()2406 774 0 $t[vedi periodico].$w()279598 850 $aSeMil 852 $aSeMil$W1$xVenegono$y1$m217 5 39$j171992$B171992$CSeMilBibl$Z2$F189397 $85 961 $aAbbonamento: Pontificia Università Lateranense 996 $6020$a978-88-465-0869-0$9(OLS)http://semarc/number/220730 996 $6245$a«Ecclesia Mater et Magistra», tra "lex orandi" ed "Ecclesiae ordo" :$bAtti del 5. Seminario di Studio per Responsabili e Docenti degli Istituti collegati alla Facoltà di S. Teologia della Pontificia Università Lateranense, Roma, 11-14 settembre 2012$9(OLS)http://semarc/title/317747 996 $6260$aCittà del Vaticano :$bLateran University Press$9(OLS)http://semarc/publisher/34661